000 00461nam a2200181Ia 4500
001 24006
005 20260414151015.0
008 260414t1995||||xx |||||||||||||| ||spa||
041 _aESP
082 _a746
_bU831
100 _aUgarte Eléspuru, Juan Manuel
_eAUT
245 0 _aLas telas pintadas precolombinas de la costa peruana
_b
260 _c1995
300 _a142 páginas :
_c30 cm.
650 _aABD
654 _aCAU
942 _cLIB
_dJUS
_fJUS
_2ddc
_n
999 _c24006
_d24006